<?xml version="1.0" encoding="UTF-8"?>
<record
    xmlns:xsi="http://www.w3.org/2001/XMLSchema-instance"
    xsi:schemaLocation="http://www.loc.gov/MARC21/slim http://www.loc.gov/standards/marcxml/schema/MARC21slim.xsd"
    xmlns="http://www.loc.gov/MARC21/slim">

  <leader>11236nam a2201381 a 4500</leader>
  <controlfield tag="001">24450</controlfield>
  <controlfield tag="003">CO-ViMGA</controlfield>
  <controlfield tag="008">141112s2004    ck      r     000 u spa d</controlfield>
  <datafield tag="020" ind1=" " ind2=" ">
    <subfield code="a">9583801070 (Obra completa)</subfield>
  </datafield>
  <datafield tag="040" ind1=" " ind2=" ">
    <subfield code="a">CO-ViMGA</subfield>
    <subfield code="b">spa</subfield>
    <subfield code="c">CO-ViMGA</subfield>
  </datafield>
  <datafield tag="041" ind1=" " ind2=" ">
    <subfield code="a">SPA</subfield>
  </datafield>
  <datafield tag="090" ind1=" " ind2=" ">
    <subfield code="a">C CUE69</subfield>
  </datafield>
  <datafield tag="245" ind1="1" ind2="0">
    <subfield code="a">Cuentos y relatos de la literatura colombiana / </subfield>
    <subfield code="c">selecci&#xF3;n y textos Luz Mary Giraldo</subfield>
  </datafield>
  <datafield tag="250" ind1=" " ind2=" ">
    <subfield code="a">1a ed., 1a. reimpr.</subfield>
  </datafield>
  <datafield tag="260" ind1=" " ind2=" ">
    <subfield code="a">Bogot&#xE1; : </subfield>
    <subfield code="b">Fondo de Cultura Econ&#xF3;mica, </subfield>
    <subfield code="c">2006</subfield>
  </datafield>
  <datafield tag="300" ind1=" " ind2=" ">
    <subfield code="a">2 v.</subfield>
  </datafield>
  <datafield tag="490" ind1=" " ind2=" ">
    <subfield code="a">Tierra firme</subfield>
  </datafield>
  <datafield tag="500" ind1=" " ind2=" ">
    <subfield code="a">Incluye biograf&#xED;a de los autores</subfield>
  </datafield>
  <datafield tag="505" ind1=" " ind2=" ">
    <subfield code="a">v.1 La creaci&#xF3;n (mito kogi) - - La creaci&#xF3;n (mito uitoto) - - El &#xE1;rbol de piedra y agua - - La formaci&#xF3;n de los peces - - El viaje en el m&#xE1;s alla - - El Carnero / Juan Rodr&#xED;guez Freyle - - Tentaciones horribles de Satan&#xE1;s / Francisca Josefa de Castillo - - La b</subfield>
  </datafield>
  <datafield tag="650" ind1="1" ind2="4">
    <subfield code="a">AUTORES COLOMBIANOS </subfield>
    <subfield code="9">32</subfield>
  </datafield>
  <datafield tag="650" ind1="1" ind2="4">
    <subfield code="a">CUENTOS COLOMBIANOS - ANTOLOGIA</subfield>
    <subfield code="9">36172</subfield>
  </datafield>
  <datafield tag="650" ind1="1" ind2="4">
    <subfield code="a">CUENTOS COLOMBIANOS - COLECCIONES </subfield>
    <subfield code="9">15113</subfield>
  </datafield>
  <datafield tag="650" ind1="1" ind2="4">
    <subfield code="a">CUENTOS COLOMBIANOS - SIGLO XX </subfield>
    <subfield code="9">14861</subfield>
  </datafield>
  <datafield tag="650" ind1="1" ind2="4">
    <subfield code="a">CUENTOS INFANTILES COLOMBIANOS </subfield>
    <subfield code="9">2369</subfield>
  </datafield>
  <datafield tag="650" ind1="1" ind2="4">
    <subfield code="a">LITERATURA COLOMBIANA - HISTORIA Y CRITICA </subfield>
  </datafield>
  <datafield tag="700" ind1="1" ind2=" ">
    <subfield code="a">Acosta de Samper, Soledad. Un crimen </subfield>
    <subfield code="9">36173</subfield>
  </datafield>
  <datafield tag="700" ind1="1" ind2=" ">
    <subfield code="a">Aguilera Garramu&#xF1;o, Marco Tulio. La noche de Aquiles y Virgen </subfield>
    <subfield code="9">36174</subfield>
  </datafield>
  <datafield tag="700" ind1="1" ind2=" ">
    <subfield code="a">Alape, Arturo. El caballo y su sombra </subfield>
    <subfield code="9">36175</subfield>
  </datafield>
  <datafield tag="700" ind1="1" ind2=" ">
    <subfield code="a">&#xC1;lvarez Gardeaz&#xE1;bal, Gustavo. Ana Joaquina Torrentes </subfield>
    <subfield code="9">36176</subfield>
  </datafield>
  <datafield tag="700" ind1="1" ind2=" ">
    <subfield code="a">Arango Arias, Gonzalo. El pez ateo de tus sagradas olas </subfield>
    <subfield code="9">36177</subfield>
  </datafield>
  <datafield tag="700" ind1="1" ind2=" ">
    <subfield code="a">Arango Villegas, Rafael. C&#xF3;mo narraba la historia sagrada el maestro Feliciano R&#xED;os </subfield>
    <subfield code="9">36178</subfield>
  </datafield>
  <datafield tag="700" ind1="1" ind2=" ">
    <subfield code="a">Arciniegas, Triunfo. Alas a mitad de precio </subfield>
    <subfield code="9">36179</subfield>
  </datafield>
  <datafield tag="700" ind1="1" ind2=" ">
    <subfield code="a">Arciniegas, Triunfo. Cerdos en el viento </subfield>
    <subfield code="9">36180</subfield>
  </datafield>
  <datafield tag="700" ind1="1" ind2=" ">
    <subfield code="a">Bola&#xF1;os, Arturo. Sin salida </subfield>
    <subfield code="9">36181</subfield>
  </datafield>
  <datafield tag="700" ind1="1" ind2=" ">
    <subfield code="a">Burgos Cantor, Roberto. Nada, ni siquiera Obdulia Martina </subfield>
    <subfield code="9">36182</subfield>
  </datafield>
  <datafield tag="700" ind1="1" ind2=" ">
    <subfield code="a">Caballero Calder&#xF3;n, Eduardo. El corneta llanero </subfield>
    <subfield code="9">36183</subfield>
  </datafield>
  <datafield tag="700" ind1="1" ind2=" ">
    <subfield code="a">Caicedo, Andr&#xE9;s. El atravesado </subfield>
    <subfield code="9">36184</subfield>
  </datafield>
  <datafield tag="700" ind1="1" ind2=" ">
    <subfield code="a">Cano Gaviria, Ricardo. La mosca </subfield>
    <subfield code="9">36185</subfield>
  </datafield>
  <datafield tag="700" ind1="1" ind2=" ">
    <subfield code="a">Carrasquilla, Tom&#xE1;s. En la diestra de Dios Padre </subfield>
    <subfield code="9">36186</subfield>
  </datafield>
  <datafield tag="700" ind1="1" ind2=" ">
    <subfield code="a">Castillo, Francisca Josefa de. Tentaciones horribles de Satan&#xE1;s </subfield>
    <subfield code="9">36187</subfield>
  </datafield>
  <datafield tag="700" ind1="1" ind2=" ">
    <subfield code="a">Cepeda Samudio, &#xC1;lvaro. Todos est&#xE1;bamos a la espera </subfield>
    <subfield code="9">36188</subfield>
  </datafield>
  <datafield tag="700" ind1="1" ind2=" ">
    <subfield code="a">Collazos, &#xD3;scar. El lento olvido de tus sue&#xF1;os </subfield>
    <subfield code="9">36189</subfield>
  </datafield>
  <datafield tag="700" ind1="1" ind2=" ">
    <subfield code="a">Cordovez Moure, Jos&#xE9; Mar&#xED;a. Custodia o la emparedada </subfield>
    <subfield code="9">36190</subfield>
  </datafield>
  <datafield tag="700" ind1="1" ind2=" ">
    <subfield code="a">Corral, Jes&#xFA;s del. Que pase el aserrador </subfield>
    <subfield code="9">36191</subfield>
  </datafield>
  <datafield tag="700" ind1="1" ind2=" ">
    <subfield code="a">Cruz Kronfly, Fernando. Drick era de nombre Genovevo Palomo </subfield>
    <subfield code="9">36192</subfield>
  </datafield>
  <datafield tag="700" ind1="1" ind2=" ">
    <subfield code="a">D&#xED;az, Eugenio. De gorra </subfield>
    <subfield code="9">36193</subfield>
  </datafield>
  <datafield tag="700" ind1="1" ind2=" ">
    <subfield code="a">Echeverri, Jaime. El jard&#xED;n del guerrero </subfield>
    <subfield code="9">36194</subfield>
  </datafield>
  <datafield tag="700" ind1="1" ind2=" ">
    <subfield code="a">Escobar Giraldo, Octavio. Recuerdas Staying alive? </subfield>
    <subfield code="9">36195</subfield>
  </datafield>
  <datafield tag="700" ind1="1" ind2=" ">
    <subfield code="a">Espinosa, Germ&#xE1;n. Noticias de un convento frente al mar </subfield>
    <subfield code="9">36196</subfield>
  </datafield>
  <datafield tag="700" ind1="1" ind2=" ">
    <subfield code="a">Fayad, Luis. Cantor est&#xE1; de viaje </subfield>
    <subfield code="9">36197</subfield>
  </datafield>
  <datafield tag="700" ind1="1" ind2=" ">
    <subfield code="a">Franco Ramos, Jorge. Viaje gratis </subfield>
    <subfield code="9">36198</subfield>
  </datafield>
  <datafield tag="700" ind1="1" ind2=" ">
    <subfield code="a">Fuenmayor, Jos&#xE9; Felix. La muerte en la calle </subfield>
    <subfield code="9">36199</subfield>
  </datafield>
  <datafield tag="700" ind1="1" ind2=" ">
    <subfield code="a">Garc&#xED;a Londo&#xF1;o, Andr&#xE9;s. La plegaria del jardinero </subfield>
    <subfield code="9">36200</subfield>
  </datafield>
  <datafield tag="700" ind1="1" ind2=" ">
    <subfield code="a">Garc&#xED;a M&#xE1;rquez, Gabriel. El ahogado m&#xE1;s hermoso del mundo </subfield>
    <subfield code="9">36201</subfield>
  </datafield>
  <datafield tag="700" ind1="1" ind2=" ">
    <subfield code="a">Garc&#xED;a M&#xE1;rquez, Gabriel. El rastro de tu sangre en la nieve </subfield>
    <subfield code="9">36202</subfield>
  </datafield>
  <datafield tag="700" ind1="1" ind2=" ">
    <subfield code="a">Garc&#xED;a M&#xE1;rquez, Gabriel. La siesta del martes </subfield>
    <subfield code="9">36203</subfield>
  </datafield>
  <datafield tag="700" ind1="1" ind2=" ">
    <subfield code="a">Garc&#xED;a M&#xE1;rquez, Gabriel. Solo vine a hablar por tel&#xE9;fono </subfield>
    <subfield code="9">36204</subfield>
  </datafield>
  <datafield tag="700" ind1="1" ind2=" ">
    <subfield code="a">Garc&#xED;a, Eligio. El campe&#xF3;n de siempre </subfield>
    <subfield code="9">36205</subfield>
  </datafield>
  <datafield tag="700" ind1="1" ind2=" ">
    <subfield code="a">Giraldo, Luz Mary </subfield>
    <subfield code="9">1161</subfield>
  </datafield>
  <datafield tag="700" ind1="1" ind2=" ">
    <subfield code="a">G&#xF3;mez Valderrama, Pedro. El dios errante </subfield>
    <subfield code="9">36206</subfield>
  </datafield>
  <datafield tag="700" ind1="1" ind2=" ">
    <subfield code="a">G&#xF3;mez, Efe. La tragedia del minero </subfield>
    <subfield code="9">36207</subfield>
  </datafield>
  <datafield tag="700" ind1="1" ind2=" ">
    <subfield code="a">Gonz&#xE1;lez, Tom&#xE1;s. Las palmas del ghetto </subfield>
    <subfield code="9">36208</subfield>
  </datafield>
  <datafield tag="700" ind1="1" ind2=" ">
    <subfield code="a">Groot, Jos&#xE9; Manuel. La barber&#xED;a </subfield>
    <subfield code="9">36209</subfield>
  </datafield>
  <datafield tag="700" ind1="1" ind2=" ">
    <subfield code="a">Hoyos Olier, Enrique. Benchmarking II </subfield>
    <subfield code="9">36210</subfield>
  </datafield>
  <datafield tag="700" ind1="1" ind2=" ">
    <subfield code="a">Isaacs, Jorge. Feliciana </subfield>
    <subfield code="9">36211</subfield>
  </datafield>
  <datafield tag="700" ind1="1" ind2=" ">
    <subfield code="a">Kastos, Emiro. Mi compadre Facundo </subfield>
    <subfield code="9">36212</subfield>
  </datafield>
  <datafield tag="700" ind1="1" ind2=" ">
    <subfield code="a">Kremer, Harold. Gelatina </subfield>
    <subfield code="9">36213</subfield>
  </datafield>
  <datafield tag="700" ind1="1" ind2=" ">
    <subfield code="a">Londo&#xF1;o, Julio C&#xE9;sar. Pesadilla en el hipot&#xE1;lamo </subfield>
    <subfield code="9">36214</subfield>
  </datafield>
  <datafield tag="700" ind1="1" ind2=" ">
    <subfield code="a">Londo&#xF1;o, Santiago. Rabdom&#xE1;n el mago </subfield>
    <subfield code="9">36215</subfield>
  </datafield>
  <datafield tag="700" ind1="1" ind2=" ">
    <subfield code="a">Lozano, Pilar. Turbel el viento que se disfrazo de brisa </subfield>
    <subfield code="9">36216</subfield>
  </datafield>
  <datafield tag="700" ind1="1" ind2=" ">
    <subfield code="a">Madiedo, Manuel Mar&#xED;a. El boga del Magdalena </subfield>
    <subfield code="9">36217</subfield>
  </datafield>
  <datafield tag="700" ind1="1" ind2=" ">
    <subfield code="a">Mattos Omar, Joaqu&#xED;n. Hombre pierde su sombra en un incendio </subfield>
    <subfield code="9">36218</subfield>
  </datafield>
  <datafield tag="700" ind1="1" ind2=" ">
    <subfield code="a">Mej&#xED;a Vallejo, Manuel. La muerte de Pedro Canales </subfield>
    <subfield code="9">36219</subfield>
  </datafield>
  <datafield tag="700" ind1="1" ind2=" ">
    <subfield code="a">M&#xE9;ndez Camacho, Miguel. Azabache </subfield>
    <subfield code="9">36220</subfield>
  </datafield>
  <datafield tag="700" ind1="1" ind2=" ">
    <subfield code="a">Mendoza Garc&#xED;a, Plinio Apuleyo. El d&#xED;a que enterramos las armas </subfield>
    <subfield code="9">36221</subfield>
  </datafield>
  <datafield tag="700" ind1="1" ind2=" ">
    <subfield code="a">Monta&#xF1;a, Antonio. Al amanecer llego el lit&#xF3;grafo </subfield>
    <subfield code="9">36222</subfield>
  </datafield>
  <datafield tag="700" ind1="1" ind2=" ">
    <subfield code="a">Montoya, Pablo. La sinf&#xF3;nica </subfield>
    <subfield code="9">36223</subfield>
  </datafield>
  <datafield tag="700" ind1="1" ind2=" ">
    <subfield code="a">Moreno Dur&#xE1;n, Rafael Humberto. &#xDA;ltimo informe Kinsey </subfield>
    <subfield code="9">36224</subfield>
  </datafield>
  <datafield tag="700" ind1="1" ind2=" ">
    <subfield code="a">Moreno, Marvel. Autocr&#xED;tica </subfield>
    <subfield code="9">36225</subfield>
  </datafield>
  <datafield tag="700" ind1="1" ind2=" ">
    <subfield code="a">Mutis, &#xC1;lvaro. Cocora </subfield>
    <subfield code="9">36226</subfield>
  </datafield>
  <datafield tag="700" ind1="1" ind2=" ">
    <subfield code="a">Mutis, &#xC1;lvaro. La muerte del estratega </subfield>
    <subfield code="9">36227</subfield>
  </datafield>
  <datafield tag="700" ind1="1" ind2=" ">
    <subfield code="a">Ni&#xF1;o, Jairo An&#xED;bal. El &#xFA;ltimo resucitado </subfield>
    <subfield code="9">36228</subfield>
  </datafield>
  <datafield tag="700" ind1="1" ind2=" ">
    <subfield code="a">Osorio Lizarazo, Jos&#xE9; Antonio. Job </subfield>
    <subfield code="9">36229</subfield>
  </datafield>
  <datafield tag="700" ind1="1" ind2=" ">
    <subfield code="a">Pab&#xF3;n Villamizar, Gabriel. La sal de lot </subfield>
    <subfield code="9">36230</subfield>
  </datafield>
  <datafield tag="700" ind1="1" ind2=" ">
    <subfield code="a">Paredes, Julio. Soprano </subfield>
    <subfield code="9">36231</subfield>
  </datafield>
  <datafield tag="700" ind1="1" ind2=" ">
    <subfield code="a">Parra Sandoval, Rodrigo. &#xC1;lbum de billetera </subfield>
    <subfield code="9">36232</subfield>
  </datafield>
  <datafield tag="700" ind1="1" ind2=" ">
    <subfield code="a">P&#xE9;rez, Lina Mar&#xED;a. Bolero para una noche de tango </subfield>
    <subfield code="9">36233</subfield>
  </datafield>
  <datafield tag="700" ind1="1" ind2=" ">
    <subfield code="a">Pombo, Manuel. El maestro Custodio </subfield>
    <subfield code="9">36234</subfield>
  </datafield>
  <datafield tag="700" ind1="1" ind2=" ">
    <subfield code="a">Pombo, Rafael. El renacuajo paseador </subfield>
    <subfield code="9">36235</subfield>
  </datafield>
  <datafield tag="700" ind1="1" ind2=" ">
    <subfield code="a">Pombo, Rafael. La pobre viejecita </subfield>
    <subfield code="9">36236</subfield>
  </datafield>
  <datafield tag="700" ind1="1" ind2=" ">
    <subfield code="a">Pombo, Rafael. Mirringa Mirronga </subfield>
    <subfield code="9">36237</subfield>
  </datafield>
  <datafield tag="700" ind1="1" ind2=" ">
    <subfield code="a">Posso Figueroa, Amalia L&#xFA;. Honoria Lozano </subfield>
    <subfield code="9">36238</subfield>
  </datafield>
  <datafield tag="700" ind1="1" ind2=" ">
    <subfield code="a">Rebetez, Ren&#xE9;. La nueva prehistoria </subfield>
    <subfield code="9">36239</subfield>
  </datafield>
  <datafield tag="700" ind1="1" ind2=" ">
    <subfield code="a">Reyes, Yolanda. Frida</subfield>
    <subfield code="9">36240</subfield>
  </datafield>
  <datafield tag="700" ind1="1" ind2=" ">
    <subfield code="a">Robinson - Bent, Lenito. Desde el otro lado del viaje </subfield>
    <subfield code="9">36241</subfield>
  </datafield>
  <datafield tag="700" ind1="1" ind2=" ">
    <subfield code="a">Roca, Juan Manuel. Feliz Navidad se&#xF1;or Am&#xE9;zquita </subfield>
    <subfield code="9">36242</subfield>
  </datafield>
  <datafield tag="700" ind1="1" ind2=" ">
    <subfield code="a">Rodr&#xED;guez Freyle, Juan, 1556 - 1638 Castillo, Francisca Josefa de Groot, Jos&#xE9; Manuel D&#xED;az, Eugenio Madiedo, Manuel Mar&#xED;a Kastos, Emiro, 1825 - 1894 Pombo, Manuel Vergara y Vergara, Jos&#xE9; Mar&#xED;a Silva, Jos&#xE9; Ricardo Isaacs, Jorge, 1837 - 1895 Acosta de Samper, Soledad Cordovez Moure, Jos&#xE9; Mar&#xED;a, 1835 - 1918 Corral, Jes&#xFA;s del, 1871 - 1931 Carrasquilla, Tom&#xE1;s, 1858 - 1940 Vargas Vila, Jos&#xE9; Mar&#xED;a, 1860 - 1933 G&#xF3;mez, Efe, 1873 - 1938 Fuenmayor, Jos&#xE9; Felix, 1885 - 1966 Arango Villegas, Rafael, 1899 - 1952 Osorio Lizarazo, Jos&#xE9; Antonio, 1900 - 1964 Zalamea Borda, Jorge, 1905 - 1969 Vargas Osorio, Tom&#xE1;s T&#xE9;llez, Hernando, 1908 - 1966 Z&#xE1;rate Moreno, Jes&#xFA;s, 1915 - 1967 Mej&#xED;a Vallejo, Manuel, 1923 - 1998 Mutis, &#xC1;lvaro, 1923 - Mutis, &#xC1;lvaro, 1923 - Cepeda Samudio, &#xC1;lvaro, 1926 - 1972 Truque, Carlos Arturo, 1927 - 1970 Garc&#xED;a M&#xE1;rquez, Gabriel, 1928 - Garc&#xED;a M&#xE1;rquez, Gabriel, 1928 - Garc&#xED;a M&#xE1;rquez, Gabriel, 1928 - Garc&#xED;a M&#xE1;rquez, Gabriel, 1928 - Mendoza Garc&#xED;a, Plinio Apuleyo, 1932 - Parra Sandoval, Rodrigo, 1938 - &#xC1;lvarez Gardeaz&#xE1;bal, Gustavo, 1945 - Cano Gaviria, Ricardo, 1946 - Kremer, Harold Suesc&#xFA;n, Nicol&#xE1;s, 1937 - Collazos, &#xD3;scar, 1942 - Ruiz, Hugo Cruz Kronfly, Fernando, 1943 - Fayad, Luis, 1945 - Paredes, Julio, 1957 - Espinosa, Germ&#xE1;n, 1938 - Moreno, Marvel, 1939 - 1995 Moreno Dur&#xE1;n, Rafael Humberto, 1946 - 2005 Aguilera Garramu&#xF1;o, Marco Tulio, 1949 - Garc&#xED;a, Eligio Posso Figueroa, Amalia L&#xFA; Burgos Cantor, Roberto, 1948 - Caicedo, Andr&#xE9;s Escobar Giraldo, Octavio, 1962 - G&#xF3;mez Valderrama, Pedro, 1923 - 1992 Arango Arias, Gonzalo, 1931 - 1976 Rebetez, Ren&#xE9;, 1933 - Londo&#xF1;o, Julio C&#xE9;sar Arciniegas, Triunfo, 1957 - Mattos Omar, Joaqu&#xED;n Garc&#xED;a Londo&#xF1;o, Andr&#xE9;s Monta&#xF1;a, Antonio Roca, Juan Manuel, 1946 - Gonz&#xE1;lez, Tom&#xE1;s, 1950 - Colombia P&#xE9;rez, Lina Mar&#xED;a Robinson - Bent, Lenito Franco Ramos, Jorge, 1962 - Serrano, Enrique, 1960 - Montoya, Pablo, 1963 - V&#xE1;squez, Juan Gabriel, 1973 - Ungar, Antonio, 1974 - Silva, Ricardo, 1836 - 1887 Vidales, Luis, 1900 - 1990 Hoyos Olier, Enrique M&#xE9;ndez Camacho, Miguel, 1942 - Echeverri, Jaime Santamar&#xED;a, Germ&#xE1;n, 1950 - Pab&#xF3;n Villamizar, Gabriel Rodr&#xED;guez Romero, Nana Bola&#xF1;os, Arturo Pombo, Rafael, 1833 - 1912 Pombo, Rafael, 1833 - 1912 Pombo, Rafael, 1833 - 1912 Caballero Calder&#xF3;n, Eduardo, 1910 - 1993 Alape, Arturo, 1938 - 2006 Ni&#xF1;o, Jairo An&#xED;bal, 1941 - 2010 Lozano, Pilar, 1951 - Arciniegas, Triunfo, 1957 - Londo&#xF1;o, Santiago Reyes, Yolanda, 1959 - </subfield>
    <subfield code="9">36243</subfield>
  </datafield>
  <datafield tag="700" ind1="1" ind2=" ">
    <subfield code="a">Rodr&#xED;guez Freyle, Juan. El Carnero </subfield>
    <subfield code="9">36244</subfield>
  </datafield>
  <datafield tag="700" ind1="1" ind2=" ">
    <subfield code="a">Rodr&#xED;guez Romero, Nana. El astrolabio </subfield>
    <subfield code="9">36245</subfield>
  </datafield>
  <datafield tag="700" ind1="1" ind2=" ">
    <subfield code="a">Ruiz, Hugo. Un peque&#xF1;o caf&#xE9; al bajar la calle </subfield>
    <subfield code="9">36246</subfield>
  </datafield>
  <datafield tag="700" ind1="1" ind2=" ">
    <subfield code="a">Santamar&#xED;a, Germ&#xE1;n. Morir &#xFA;ltimo </subfield>
    <subfield code="9">36247</subfield>
  </datafield>
  <datafield tag="700" ind1="1" ind2=" ">
    <subfield code="a">Serrano, Enrique. El d&#xED;a de la partida </subfield>
    <subfield code="9">36248</subfield>
  </datafield>
  <datafield tag="700" ind1="1" ind2=" ">
    <subfield code="a">Silva, Jos&#xE9; Ricardo. El ni&#xF1;o Agapito </subfield>
    <subfield code="9">36249</subfield>
  </datafield>
  <datafield tag="700" ind1="1" ind2=" ">
    <subfield code="a">Silva, Ricardo. Doctor Tom&#xE1;s Aguirre </subfield>
    <subfield code="9">36250</subfield>
  </datafield>
  <datafield tag="700" ind1="1" ind2=" ">
    <subfield code="a">Suesc&#xFA;n, Nicol&#xE1;s. El retorno a casa </subfield>
    <subfield code="9">36251</subfield>
  </datafield>
  <datafield tag="700" ind1="1" ind2=" ">
    <subfield code="a">T&#xE9;llez, Hernando. Espuma y nada m&#xE1;s </subfield>
    <subfield code="9">36252</subfield>
  </datafield>
  <datafield tag="700" ind1="1" ind2=" ">
    <subfield code="a">Truque, Carlos Arturo. El d&#xED;a que termin&#xF3; el verano </subfield>
    <subfield code="9">36253</subfield>
  </datafield>
  <datafield tag="700" ind1="1" ind2=" ">
    <subfield code="a">Ungar, Antonio. Madagascar </subfield>
    <subfield code="9">36254</subfield>
  </datafield>
  <datafield tag="700" ind1="1" ind2=" ">
    <subfield code="a">Vargas Osorio, Tom&#xE1;s. Hombres </subfield>
    <subfield code="9">36255</subfield>
  </datafield>
  <datafield tag="700" ind1="1" ind2=" ">
    <subfield code="a">Vargas Vila, Jos&#xE9; Mar&#xED;a. Tarde! </subfield>
    <subfield code="9">36256</subfield>
  </datafield>
  <datafield tag="700" ind1="1" ind2=" ">
    <subfield code="a">V&#xE1;squez, Juan Gabriel. El regreso </subfield>
    <subfield code="9">36257</subfield>
  </datafield>
  <datafield tag="700" ind1="1" ind2=" ">
    <subfield code="a">Vergara y Vergara, Jos&#xE9; Mar&#xED;a. Las tres tazas </subfield>
    <subfield code="9">36258</subfield>
  </datafield>
  <datafield tag="700" ind1="1" ind2=" ">
    <subfield code="a">Vidales, Luis. El crimen perfecto </subfield>
    <subfield code="9">36259</subfield>
  </datafield>
  <datafield tag="700" ind1="1" ind2=" ">
    <subfield code="a">Zalamea Borda, Jorge. La metamorfosis de su excelencia </subfield>
    <subfield code="9">36260</subfield>
  </datafield>
  <datafield tag="700" ind1="1" ind2=" ">
    <subfield code="a">Z&#xE1;rate Moreno, Jes&#xFA;s. Ni la muerte puede separarnos </subfield>
    <subfield code="9">36261</subfield>
  </datafield>
  <datafield tag="740" ind1=" " ind2=" ">
    <subfield code="a">La creaci&#xF3;n (mito kogi) \ La creaci&#xF3;n (mito uitoto) \ El &#xE1;rbol de piedra y agua \ La formaci&#xF3;n de los peces \ El viaje en el m&#xE1;s alla \ El Carnero \ Tentaciones horribles de Satan&#xE1;s \ La barber&#xED;a \ De gorra \ El boga del Magdalena \ Mi compadre Facundo \ El maestro Custodio \ Las tres tazas \ El ni&#xF1;o Agapito \ Feliciana \ Un crimen \ Custodia o la emparedada \ Que pase el aserrador \ En la diestra de Dios Padre \ Tarde! \ La tragedia del minero \ La muerte en la calle \ C&#xF3;mo narraba la historia sagrada el maestro Feliciano R&#xED;os \ Job \ La metamorfosis de su excelencia \ Hombres \ Espuma y nada m&#xE1;s \ Ni la muerte puede separarnos \ La muerte de Pedro Canales \ La muerte del estratega \ Cocora \ Todos est&#xE1;bamos a la espera \ El d&#xED;a que termin&#xF3; el verano \ La siesta del martes \ El ahogado m&#xE1;s hermoso del mundo \ El rastro de tu sangre en la nieve \ Solo vine a hablar por tel&#xE9;fono \ El d&#xED;a que enterramos las armas \ &#xC1;lbum de billetera \ Ana Joaquina Torrentes \ La mosca \ Gelatina \ El retorno a casa \ El lento olvido de tus sue&#xF1;os \ Un peque&#xF1;o caf&#xE9; al bajar la calle \ Drick era de nombre Genovevo Palomo \ Cantor est&#xE1; de viaje \ Soprano \ Noticias de un convento frente al mar \ Autocr&#xED;tica \ &#xDA;ltimo informe Kinsey \ La noche de Aquiles y Virgen \ El campe&#xF3;n de siempre \ Honoria Lozano \ Nada, ni siquiera Obdulia Martina \ El atravesado \ Recuerdas Staying alive? \ El dios errante \ El pez ateo de tus sagradas olas \ La nueva prehistoria \ Pesadilla en el hipot&#xE1;lamo \ Alas a mitad</subfield>
  </datafield>
  <datafield tag="942" ind1=" " ind2=" ">
    <subfield code="2">ddc</subfield>
    <subfield code="c">BK</subfield>
  </datafield>
  <datafield tag="999" ind1=" " ind2=" ">
    <subfield code="c">32331</subfield>
    <subfield code="d">32331</subfield>
  </datafield>
</record>
